000 00756nam a22001937a 4500
999 _c16317
_d16317
003 AR-CdUCM
008 190503b ||||| |||| 00| 0 spa d
040 _aMUNICIPALIDAD PROVINCIAL DEL CUSCO
_cBIBLIOTECA MUNICIPAL DEL CUSCO
082 _a869.33 /
_bQ5
100 _aQuezada, Jaime
_935694
245 _aPoemas de las cosas olvidadas /
260 _aSantiago de Chile :
_bTalleres de arancibia,
_c1965.
300 _a37 paginas ;
_c20 cm.
505 _aContenido : Cuando el viento baje del cerro -- Aun quedan dos gotas -- Mientras la luz del día se retira -- Atardecer -- Simbólico silencio -- Las estaciones del vuelo...
650 _aPoemas
_9929
650 _aLiteratura Latinoamericana
_9799
942 _2ddc
_cLIBROS
945 _awnts
_d2019-05-3